000 00498nam a2200145Ia 4500
008 220216s9999 xx 000 0 und d
100 _aVarghese Y Annamma
245 0 _aApplication of molecular markers with special reference to RAPDs for genetic analysis in Hevea
260 _bPlacrosym XII, 1996, Kottayam, India. Developments in Plantation Crops Research, pp. 40-45.
_c1998
700 _aEcke W
700 _aKnaak C
700 _aSaraswathyamma C K
700 _aSethuraj M R
942 _cJS
999 _c54380
_d54380